Estructura y función del tipo contractual.

Saved in:
Bibliografiske detaljer
Hovedforfatter: Gete-Alonso y Calera, María del Carmen (autor)
Andre forfattere: Luna Serrano, Agustín (prólogo)
Format: Bog
Sprog:spansk
Udgivet: Barcelona, España: BOSCH, 1979.
Fag:
Tags: Tilføj Tag
Ingen Tags, Vær først til at tagge denne postø!

MARC

LEADER 00000nam a2200000 a 4500
001 UCS1122
003 CL-VaPUC
005 20220822114330.0
008 970509e19790000SP |||||||||||||||||spa|d
999 |c 259227  |d 259225 
020 |a 84-7162-752-3 
040 |c Pontificia Universidad Católica de Valparaíso 
082 0 4 |a 346.022 GET 1979   |2 21 
100 |a Gete-Alonso y Calera, María del Carmen  |e autor  |9 585942 
245 1 0 |a Estructura y función del tipo contractual.  
260 |a Barcelona, España:  |b BOSCH,   |c 1979.  
300 |a 731 páginas.  
500 |a c.2 Donación Familia Prof. Alejandro Guzmán Brito. 
583 |a last modification  |c 19970509 00:00:00  |k Rodrigo Vera 
650 0 |a Contratos  |9 255153 
650 0 |a Código civil  |9 256135 
650 0 |a Procedimiento civil  |9 254870 
650 0 |a Derecho público   |9 255910 
650 0 |a Derecho privado  |9 258243 
650 7 |a LEGISLACION  |2 CL-VaPUC  |9 385243  |z Francia  |z España  |z Italia 
650 0 |a Derecho comparado  |9 255664 
700 |a Luna Serrano, Agustín   |e prólogo  |9 866161 
942 |c BK  |2 ddc  |n 0 
945 |d 19970509 00:00:00  |a cmena 
952 |0 0  |1 0  |4 0  |6 346_022000000000000_GET_1979  |7 0  |8 A  |9 283863  |a BIBDER  |b BIBDER  |d 2019-11-19  |i 1844318  |o 346.022 GET 1979  |p 1844318  |r 2023-01-25  |w 2019-11-19  |y BK  |k DER